000 00383 a2200157 4500
001 170301
020 _a
040 _cMagnum
100 _aAranha, Maria Lucia de Arruda
240 1 0 _aQual e a graca ? o bom e o mau do humor
_lpor
245 1 0 _aQual e a graca ? o bom e o mau do humor
362 0 _a1899
440 1 _aModerna
697 _aIJ/SOCIEDADE COTIDIANO
942 _cBK
999 _c170301
_d170301